How to write a narrative investigation report.

Bibliographic Details
Main Author: Dienstein, William, 1909-
Format: Book
Language:English
Published: Springfield, Ill. : C. C. Thomas, [1964]
Series:Police science series.
Subjects:

MARC

Tag First Indicator Second Indicator Subfields
LEADER 00000cam a2200000 4500
001 in00000060270
005 20151008051619.0
008 720809s1964 ilu b 00000 eng u
010 |a  63018515  
035 |a (OCoLC)00377025 
035 |9 AAG8965AM 
040 |c CSU  |d TXA  |d UtOrBLW 
049 |a TXAM  |c [415421] 
050 0 |a HV7936.R4  |b D5 
092 |a 364.12  |b D562h 
100 1 |a Dienstein, William,  |d 1909- 
245 1 0 |a How to write a narrative investigation report. 
264 1 |a Springfield, Ill. :  |b C. C. Thomas,  |c [1964] 
300 |a xi,115p :  |b forms. ;  |c 24cm. 
336 |a text  |b txt  |2 rdacontent 
337 |a unmediated  |b n  |2 rdamedia 
338 |a volume  |b nc  |2 rdacarrier 
490 1 |a Police science series 
504 |a Bibliography: pages 111-112. 
650 0 |a Police  |v Records and correspondence. 
650 0 |a Report writing. 
830 0 |a Police science series. 
999 |a MARS 
999 f f |s de2c2f01-bc0e-3491-b807-341bbac07168  |i 0f59e99a-ffb4-3a69-8ba1-cf0ddc07ff8d  |t 0 
952 f f |p ric  |a Texas A&M University  |b Rellis Campus  |c Joint Library Facility  |d Remote Storage  |t 0  |e HV7936.R4 D5  |h Library of Congress classification  |i unmediated -- volume  |m A14800812276 
998 f f |a HV7936.R4 D5  |t 0  |l Remote Storage